Alle Länder mit I - Statistiken

Allgemein
  • Dieses Quiz wurde 154 mal gespielt
  • Das Durchschnittsergebnis liegt bei 7 aus 8
Antwortstatistiken
Nr Antwort % Korrekt
2 Indonesien
95%
6 Island
93%
5 Irland
91%
1 Indien
90%
3 Irak
84%
4 Iran
84%
7 Israel
81%
8 Italien
81%
Keine übereinstimmenden Quizze gefunden
Verteilung der Resultate
Anzahl Personen mit jedem Resultat
Perzentil nach korrekt beantworteten Fragen
Ihre Resultats-Entwicklung
Sie haben dieses Quiz noch nicht gespielt